Statistics for Ligue 1 Stadiums

Click here to take the quiz!

General Stats

  • This quiz has been taken 44 times
  • The average score is 11 of 18

Answer Stats

TeamCapacityStadium Name% Correct
Marseille67,394Stade Vélodrome
95%
Paris Saint-Germain47,929Parc des Princes
90%
Lyon59,186Parc Olympique Lyonnais
80%
Monaco16,360Stade Louis-II
75%
Lille50,186Stade Pierre-Mauroy
75%
Brest15,931Stade Francis-Le Blé
68%
Nantes35,322Stade de la Beaujoire - Louis Fonteneau
65%
Le Havre25,178Stade Océane
58%
Nice36,178Allianz Riviera
55%
Lens38,223Stade Bollaert-Delelis
53%
Strasbourg26,109Stade de la Meinau
53%
Montpellier32,900Stade de la Mosson
53%
Metz25,636Stade Saint-Symphorien
50%
Rennes29,778Roazhon Park
48%
Lorient18,110Stade du Moustoir - Yves Allainmat
43%
Toulouse33,150Stadium de Toulouse
43%
Reims21,029Stade Auguste-Delaune
40%
Clermont Foot11,980Stade Gabriel-Montpied
33%

Score Distribution

Percentile by Number Answered

Percent of People with Each Score

Your Score History

You have not taken this quiz